Priemyselná Bratislava

Salvato in:
Dettagli Bibliografici
Autore principale: Obuchová, Viera
Natura: Libro
Lingua:slovacco
Pubblicazione: Bratislava Albert Marenčin Vydavateľstvo PT 2009
Serie:Bratislava - Pressburg
Soggetti:
Tags: Aggiungi Tag
Nessun Tag, puoi essere il primo ad aggiungerne!!

MARC

LEADER 00000nam a2200000 4500
001 0117944
005 20240314093215.0
020 |a 978-80-89218-99-8 
041 0 |a slo 
044 |a SK 
245 1 0 |a Priemyselná Bratislava  |c Viera Obuchová 
264 1 |a Bratislava  |b Albert Marenčin Vydavateľstvo PT  |c 2009 
300 |a 311 s. 
490 1 |a Bratislava - Pressburg 
830 0 |a Bratislava - Pressburg 
610 2 0 |a história 
610 2 0 |a mestá 
610 2 0 |a priemysel 
610 2 0 |a výroba priemyselná 
610 2 0 |a podnikatelia 
610 2 0 |a pamiatky 
610 2 0 |a architektúra 
610 2 0 |a ochrana pamiatok 
610 2 0 |a Bratislava 
610 2 0 |a Slovensko 
100 1 |a Obuchová, Viera